Facultad de Derecho – Universidad Nacional de Mar del Plata

Derecho Comercial Argentino (Record no. 298)

MARC details
000 -LEADER
fixed length control field 00930cam a22003257a 4500
001 - CONTROL NUMBER
control field 000300
003 - CONTROL NUMBER IDENTIFIER
control field armpunfd
005 - DATE AND TIME OF LATEST TRANSACTION
control field 20250312082104.0
008 - FIXED-LENGTH DATA ELEMENTS--GENERAL INFORMATION
fixed length control field 011019e1986####xx#a##########000#0#und#d
022 ## - INTERNATIONAL STANDARD SERIAL NUMBER
International Standard Serial Number 950-572-043-2
040 ## - CATALOGING SOURCE
Original cataloging agency armpunfd
Transcribing agency armpunfd
080 ## - UNIVERSAL DECIMAL CLASSIFICATION NUMBER
Universal Decimal Classification number 347.7 F 734
100 10 - MAIN ENTRY--PERSONAL NAME
Personal name Fontanarrosa, Rodolfo O.
245 10 - TITLE STATEMENT
Title Derecho Comercial Argentino
260 ## - PUBLICATION, DISTRIBUTION, ETC. (IMPRINT)
Place of publication, distribution, etc Buenos Aires
Name of publisher, distributor, etc Zavalia
Date of publication, distribution, etc 1989
300 ## - PHYSICAL DESCRIPTION
Extent 2 v.
500 ## - GENERAL NOTE
General note v. 2. doctrina general de los contratos comerciales
650 #7 - SUBJECT ADDED ENTRY--TOPICAL TERM
Topical term or geographic name as entry element Derecho Comercial
General subdivision Argentina
Source of heading or term LEMB
942 ## - ADDED ENTRY ELEMENTS (KOHA)
Koha item type LIBRO
Source of classification or shelving scheme
945 ## - LOCAL PROCESSING INFORMATION (OCLC)
a Catalis
d 2010-08-19
945 ## - LOCAL PROCESSING INFORMATION (OCLC)
a Catalis
d 2010-08-19
945 ## - LOCAL PROCESSING INFORMATION (OCLC)
a Catalis
d 2010-08-19
945 ## - LOCAL PROCESSING INFORMATION (OCLC)
a Catalis
d 2010-08-19
945 ## - LOCAL PROCESSING INFORMATION (OCLC)
a Catalis
d 2010-08-19
945 ## - LOCAL PROCESSING INFORMATION (OCLC)
a Catalis
d 2010-08-19
945 ## - LOCAL PROCESSING INFORMATION (OCLC)
a Catalis
d 2010-08-19
945 ## - LOCAL PROCESSING INFORMATION (OCLC)
a Catalis
d 2010-08-19
945 ## - LOCAL PROCESSING INFORMATION (OCLC)
a Catalis
d 2010-08-19
945 ## - LOCAL PROCESSING INFORMATION (OCLC)
a Catalis
d 2010-08-19
Holdings
Withdrawn status Lost status Source of classification or shelving scheme Damaged status Not for loan Home library Current library Shelving location Date acquired Serial Enumeration / chronology Total Checkouts Total Renewals Full call number Barcode Date last seen Date checked out Price effective from Koha item type
          Bib. Derecho Bib. Derecho Sala de Lectura 12/06/2014 V 1 3 1 347.7 F 734 103292 12/03/2025 12/03/2025 12/06/2014 LIBRO (Consulta)
          Bib. Derecho Bib. Derecho Sector Prestamo 12/06/2014 V.1     347.7 F 734 101355 05/12/2016   12/06/2014 LIBRO
          Bib. Derecho Bib. Derecho Sector Prestamo 12/06/2014 V.1 53 15 347.7 F 734 101357 12/12/2024 27/11/2024 12/06/2014 LIBRO
          Bib. Derecho Bib. Derecho Sector Prestamo 12/06/2014 V.1     347.7 F 734 101996 12/06/2014   12/06/2014 LIBRO
          Bib. Derecho Bib. Derecho Sector Prestamo 12/06/2014 V.1     347.7 F 734 103287 12/06/2014   12/06/2014 LIBRO
          Bib. Derecho Bib. Derecho Sector Prestamo 12/06/2014 V.2 1   347.7 F 734 101989 14/06/2016 11/05/2016 12/06/2014 LIBRO
          Bib. Derecho Bib. Derecho Sector Prestamo 12/06/2014 V.2     347.7 F 734 103288 12/06/2014   12/06/2014 LIBRO
          Bib. Derecho Bib. Derecho Sector Prestamo 12/06/2014 V.2 2 1 347.7 F 734 103290 12/04/2018 04/04/2018 12/06/2014 LIBRO
          Bib. Derecho Bib. Derecho Sector Prestamo 12/06/2014 V.2     347.7 F 734 103291 12/06/2014   12/06/2014 LIBRO
          Bib. Derecho Bib. Derecho Sector Prestamo 12/06/2014       347.7 F 734 201155 12/06/2014   12/06/2014 LIBRO

XHTML | CSS | ©Biblioteca Central - Dto. Tecnología de la Información - [ Con tecnología Koha ]